000 00541nam a2200181Ia 4500
003 GCL
008 140319s9999 xx 000 0 ara d
040 _aGCL /
_cGCL
082 0 4 _a813.03
_bص ح
100 1 _aصنع الله ابراهيم
245 1 0 _aاللجنة: رواية /
_cصنع الله ابراهيم
300 _a159 ص
490 _a100 قصة
_v0
650 0 4 _aالقصص العربية
650 0 4 _aالادب العربى - العصر الحديث
650 0 4 _aالقصص العربية - مصر
942 _2ddc
_cBK
999 _c45882
_d45882